000 00507nam a2200169Ia 4500
003 GCL
008 140319s9999 xx 000 0 ara d
040 _aGCL /
_cGCL
082 0 4 _a813.03
_bت ب
100 1 _aتوفيق الحكيم
245 1 0 _aبجماليون /
_cتوفيق الحكيم
260 _aالقاهرة :
_bدار الكتاب اللبنانى ،
_c1980
300 _a159 ص ؛
_c20 سم
650 0 4 _aالادب العربى
650 0 4 _aالقصص العربية
942 _2ddc
_cBK
999 _c53577
_d53577